000 00313nam a22001457a 4500
999 _c257710
_d257709
003 OSt
005 20190910113531.0
008 190910b xxu||||| |||| 00| 0 eng d
020 _a0789733137
040 _cN/A
245 _aEasy
250 _aFifth edition
260 _aUnited states
_bQue
942 _2lcc
_cBK